|
|
|
|
| LEADER |
000000sc a2200000 a 4500 |
| 001 |
66055 |
| 005 |
20230308210530.0 |
| 008 |
994062|1994 ||||||||r|||||||||||spa|| |
| 020 |
|
|
|a 0884231002
|
| 040 |
|
|
|b spa
|
| 041 |
0 |
|
|a Es
|
| 082 |
0 |
|
|a 659.1
|b M439p
|
| 110 |
1 |
|
|a McGraw-Hill
|9 35281
|
| 245 |
|
|
|a Portafolio de la publicidad. 6 volúmenes
|c McGraw-Hill
|h imp
|
| 264 |
|
|
|a Santafé de Bogotá
|b McGraw-Hill
|c 1994
|
| 300 |
|
|
|a 6 vol.
|
| 490 |
|
|
|a Portafolio de la publicidad
|
| 650 |
1 |
|
|a Publicidad
|9 1704
|
| 710 |
1 |
|
|a McGraw-Hill
|9 35281
|
| 773 |
|
|
|g 6 vol.
|
| 852 |
|
|
|a UC-CDJBV
|f Compra
|k npena
|l 1
|m General
|p 19940628
|q 187000.00
|t 66055
|b 0
|d CDRC
|e CDRC
|g 659.1 M439p
|z 1994-40-62
|
| 942 |
|
|
|
| 999 |
|
|
|c 115514
|d 115514
|